000 00994nam2a22002531 4500
001 RU\NLR\INFOCOMM\1000032780
005 20250617150234.0
035 _a(NLR Aleph) 002732786
090 _a1980080
_c1980080
100 _a20040126d1912 |||y0rusy50 ca
101 0 _arus
102 _aRU
105 _ay |||||||||
200 1 _aПод дамокловым мечом
_e(Начало)
_fСоколов А.А.
210 _d[1912]
_aБ. м.
461 0 _1001RU\NLR\INFOCOMM\1000032741
_12001#$aВсеобщая библиотека$eБеспл. прил. к журн. "Всемирная новь"$v[1912], Кн.16
_91979743
_cСПб.
_d[1906-1914]
_nА.А. Каспари
_oБеспл. прил. к журн. "Всемирная новь"
_tВсеобщая библиотека
_v[1912], Кн.16
700 1 _aСоколов
_bА.А.
_4070
801 1 _aRU
_bInfoComm
_c20040126
801 0 _aRU
_bNLR
_gPSBO
852 _aNLR
_j3/716
942 _cISSUE
980 _aNB
980 _aRUSPER